00763cam a22002291 4500001001300000003000400013005001700017008004100034010001700075035001900092040004700111042001200158043001200170050002300182110004800205245013500253260005600388300001900444504001800463650003500481999001700516e 21000164 DLC20260227111212.0820610s1919 mtu b s000 0 eng c ae 21000164  a(OCoLC)8507320 aLibrary, U.S. Bur. of EducationcDNIEdDLC apremarc an-us-mt00aLB1561.M8bA5 19191 aMontana.bDepartment of Public Instruction.10aState course of study for rural schools of Montana ... 1919.cPrepared by State department of public instruction, Helena, Montana. a[Helena, Mont.,bIndependent publishing co.,c1919] a443 p.c23 cm. a"References." 0aEducationxCurriculazMontana. c20450d20450